|
|
|
|
| LEADER |
01660nam a2200373 a 4500 |
| 001 |
28272 |
| 003 |
BD-DhAAL |
| 005 |
20190526113751.0 |
| 008 |
141206s2013 enkabe b 001 0 eng d |
| 999 |
|
|
|c 33230
|d 33230
|
| 020 |
|
|
|a 9780500342862 (hbk.)
|
| 020 |
|
|
|a 0500342865 (hbk.)
|
| 040 |
|
|
|a BD-DhAAL
|c BD-DhAAL
|
| 082 |
0 |
0 |
|a 720.92
|2 23
|
| 100 |
1 |
|
|a London, Geoffrey.
|9 6587
|
| 245 |
0 |
0 |
|a Kerry Hill :
|b crafting modernism /
|c essays by Geoffrey London, Paul Finch, Erwin Viray; edited by Oskar Riera Ojeda
|
| 246 |
3 |
0 |
|a Crafting modernism
|
| 260 |
|
|
|a London :
|b Thames & Hudson Ltd.,
|c c2013.
|
| 300 |
|
|
|a 438 p. :
|b chiefly ill. (chiefly col.), plans, maps ;
|c 31 cm.
|
| 504 |
|
|
|a Includes bibliographical references (p. 434-435).
|
| 505 |
|
|
|a Selected Works 1992-2012 -- Current Projects -- Armitage Hill -- Chronology -- Contributors -- Studio -- Past Collaborators -- Crafting -- Exhibitions -- Awards
|
| 526 |
|
|
|a ARC
|
| 541 |
|
|
|e 28272
|
| 600 |
1 |
0 |
|a Hill, Kerry
|x Criticism and interpretation.
|9 6588
|
| 650 |
|
0 |
|a Architects
|z Australia
|v Biography.
|9 6589
|
| 650 |
|
0 |
|a Architectural firms
|z Australia.
|9 6590
|
| 650 |
|
0 |
|a Architecture, Modern
|y 20th century
|v Pictorial works.
|9 6591
|
| 650 |
|
0 |
|a Architecture, Modern
|y 21st century
|v Pictorial works.
|9 6592
|
| 650 |
|
0 |
|a Architectural models
|v Pictorial works.
|9 6593
|
| 700 |
1 |
|
|a Finch, Paul.
|9 6594
|
| 700 |
1 |
|
|a Viray, Paul.
|9 6595
|
| 700 |
1 |
|
|a Ojeda, Oscar Riera.
|9 6596
|
| 942 |
|
|
|2 ddc
|c BK
|0 1
|
| 952 |
|
|
|0 0
|1 0
|2 ddc
|4 0
|6 720_920000000000000_LON
|7 0
|9 44356
|a BRACUL
|b BRACUL
|c GEN
|d 2014-12-06
|e Karim International
|g 7090.00
|l 6
|m 55
|o 720.92 LON
|p 3010028272
|r 2020-02-19
|s 2019-12-24
|t 1
|w 2014-12-06
|y BK
|